Welcome to CU Library Online Public Access Catalogue (OPAC)

Countryside Law (Record no. 190)

MARC details
000 -LEADER
fixed length control field 00455nam a22001697a 4500
005 - DATE AND TIME OF LATEST TRANSACTION
control field 20241025125219.0
008 - FIXED-LENGTH DATA ELEMENTS--GENERAL INFORMATION
fixed length control field 241025b |||||||| |||| 00| 0 eng d
020 ## - INTERNATIONAL STANDARD BOOK NUMBER
International Standard Book Number 9780721910635
050 ## - LIBRARY OF CONGRESS CALL NUMBER
Classification number KD1105.J66 JON
Item number 1
100 ## - MAIN ENTRY--PERSONAL NAME
Personal name Jones, Palmer, Sydenham
Dates associated with a name 2004
245 ## - TITLE STATEMENT
Title Countryside Law
Medium Text
250 ## - EDITION STATEMENT
Edition statement Fourth
260 ## - PUBLICATION, DISTRIBUTION, ETC.
Place of publication, distribution, etc. Crayford
Name of publisher, distributor, etc. Shaw & Sons
Date of publication, distribution, etc. 2004
300 ## - PHYSICAL DESCRIPTION
Extent xi, 340 pages.
Other physical details Alphabetical Index
Dimensions 21.5 cm
650 ## - SUBJECT ADDED ENTRY--TOPICAL TERM
Source of heading or term Law
942 ## - ADDED ENTRY ELEMENTS (KOHA)
Source of classification or shelving scheme Library of Congress Classification
Koha item type Books
Suppress in OPAC No
999 ## -
-- 190
-- 190
Holdings
Withdrawn status Lost status Source of classification or shelving scheme Damaged status Not for loan Home library Current library Shelving location Date acquired Total checkouts Full call number Barcode Date last seen Copy number Price effective from Koha item type
    Library of Congress Classification     Law Library Annex (Miotso) Law Library Annex (Miotso) General stacks 10/25/2024   KD1105.J66 JON LLM00000137 10/25/2024 1 10/25/2024 Books
© 2023-2024 Copyright: Central University Libraries. All Rights Reserved | Created by: Mahone Tech Office